Milé mláďatká [vyše 50 nálepiek! : vnútri: aktivity, hry, pzuzzle]

Bibliographic Details
Other Authors: Smitková, Katarína (Translator)
Format: Book
Language:Slovak
English
PhysicalDescription:16 s., [4] l. nálepky fareb. ilustr. 26 cm
Published: [Bratislava] Príroda 2013
ISBN:9788007021341 (brož.)
Subjects:

MARC

LEADER 00000nam a2200000 a 4500
001 vtls010510617
003 SK-MaSNL
005 20260301085952.0
008 160430s2013 xo a c 010 u slo
015 |a SNBA2013/06 
020 |a 9788007021341 (brož.) 
040 |a SNK  |b slo  |c SNK  |e AACR2 
041 1 |a slo  |h eng 
044 |a xo  |c SK 
072 7 |a 0/9-053.2  |x Literatúra pre deti a mládež (náučná)  |2 konspekt 
080 |a 592/599  |2 2001 
080 |a (0.053.2)  |2 2001 
080 |a (084.1.029.2)  |2 2001 
130 0 |a Baby Animals.  |l Slovensky  |9 416952 
245 1 0 |a Milé mláďatká  |b [vyše 50 nálepiek! : vnútri: aktivity, hry, pzuzzle]  |c [preložila: Katarína Smitková] 
260 |a [Bratislava]  |b Príroda  |c 2013 
300 |a 16 s., [4] l. nálepky  |b fareb. ilustr.  |c 26 cm 
500 |a Miesto vydania uvedené podľa ISBN 
500 |a Pravdepodobne preložené z angličtiny 
521 1 |a Nevhodné pre deti do 3 rokov 
650 0 7 |a zvieratá  |2 SNKPH  |9 1091 
650 0 7 |a Animals  |2 SNKPHeng  |9 267568 
655 7 |a publikácie pre deti  |2 SNKPH  |9 70148 
655 7 |a samolepky  |2 SNKPH  |9 79151 
655 7 |a Children's literature  |2 SNKPHeng  |9 276039 
655 7 |a Stickers  |2 SNKPHeng  |9 303014 
700 1 |a Smitková, Katarína  |4 trl  |9 333874 
919 |a 978-80-07-02134-1 
958 |a OP 
958 |a DB 
999 |c 667040  |d 668970 
952 |a SNK  |b SNK  |y PREZ  |7 0  |p 17A1071068  |o snkOSB 17153  |i snk2013/11078  |8 0  |0 0  |1 0  |4 0  |d 2013-05-15  |l 0  |r 2026-02-23 19:14:07  |w 2026-02-23 
952 |a SNK  |b SNK  |y PREZ  |7 0  |p 17A1071067  |o snkOSB 17153 D1  |i snk2013/11079  |8 0  |0 0  |1 0  |4 0  |d 2013-05-15  |l 0  |r 2026-02-23 19:14:07  |w 2026-02-23